Welcome to CU Library Online Public Access Catalogue (OPAC)

Fundamentals of thermal-fluid sciences / (Record no. 8138)

MARC details
000 -LEADER
fixed length control field 00808cam a22002414a 4500
001 - CONTROL NUMBER
control field 11915877
005 - DATE AND TIME OF LATEST TRANSACTION
control field 20251108104515.0
008 - FIXED-LENGTH DATA ELEMENTS--GENERAL INFORMATION
fixed length control field 000217s2001 maua b 001 0 eng
020 ## - INTERNATIONAL STANDARD BOOK NUMBER
International Standard Book Number 0072390549
Qualifying information acid-free paper
020 ## - INTERNATIONAL STANDARD BOOK NUMBER
International Standard Book Number 9780072390544
Qualifying information (acid-free paper)
050 00 - LIBRARY OF CONGRESS CALL NUMBER
Classification number TJ265
Item number .C42 2001
082 00 - DEWEY DECIMAL CLASSIFICATION NUMBER
Classification number 621.402
Edition information 21
100 1# - MAIN ENTRY--PERSONAL NAME
Personal name Çengel, Yunus A.
245 10 - TITLE STATEMENT
Title Fundamentals of thermal-fluid sciences /
Statement of responsibility, etc. Yunus A. Çengel, Robert H. Turner.
260 ## - PUBLICATION, DISTRIBUTION, ETC.
Place of publication, distribution, etc. Boston :
Name of publisher, distributor, etc. McGraw-Hill,
Date of publication, distribution, etc. c2001.
300 ## - PHYSICAL DESCRIPTION
Extent xxxv, 1047 p. :
Other physical details ill. (some col.) ;
Dimensions 26 cm. +
Accompanying material 1 computer optical disc (4 3/4 in.)
440 #0 - SERIES STATEMENT/ADDED ENTRY--TITLE
Title McGraw-Hill series in mechanical engineering
650 #0 - SUBJECT ADDED ENTRY--TOPICAL TERM
Topical term or geographic name entry element Thermodynamics.
650 #0 - SUBJECT ADDED ENTRY--TOPICAL TERM
Topical term or geographic name entry element Heat
General subdivision Transmission.
650 #0 - SUBJECT ADDED ENTRY--TOPICAL TERM
Topical term or geographic name entry element Fluid mechanics.
700 1# - ADDED ENTRY--PERSONAL NAME
Personal name Turner, Robert H.
942 ## - ADDED ENTRY ELEMENTS (KOHA)
Source of classification or shelving scheme Library of Congress Classification
Koha item type Books
Suppress in OPAC No
999 ## -
-- 8138
-- 8138
Holdings
Withdrawn status Lost status Source of classification or shelving scheme Damaged status Not for loan Collection Home library Current library Shelving location Date acquired Total checkouts Full call number Barcode Date last seen Copy number Price effective from Koha item type
    Library of Congress Classification     Non-fiction Science Library (Miotso) Science Library (Miotso) General stacks 11/08/2025   TJ265 .C42 CEN SLM00005567 11/08/2025 1 11/08/2025 Books
    Library of Congress Classification     Non-fiction Science Library (Miotso) Science Library (Miotso) General stacks 11/08/2025   TJ265 .C42 CEN SLM00005568 11/08/2025 2 11/08/2025 Books
    Library of Congress Classification     Non-fiction Science Library (Miotso) Science Library (Miotso) General stacks 11/08/2025   TJ265 .C42 CEN SLM00005569 11/08/2025 3 11/08/2025 Books
    Library of Congress Classification     Non-fiction Science Library (Miotso) Science Library (Miotso) General stacks 11/08/2025   TJ265 .C42 CEN SLM00005570 11/08/2025 4 11/08/2025 Books
    Library of Congress Classification     Non-fiction Science Library (Miotso) Science Library (Miotso) General stacks 11/08/2025   TJ265 .C42 CEN SLM00005571 11/08/2025 5 11/08/2025 Books
    Library of Congress Classification     Non-fiction Science Library (Miotso) Science Library (Miotso) General stacks 11/08/2025   TJ265 .C42 CEN SLM00005572 11/08/2025 6 11/08/2025 Books
© 2023-2024 Copyright: Central University Libraries. All Rights Reserved | Created by: Mahone Tech Office